Score 0/33 Timer 05:00
2 Plays Today
Clue 4-Letter Word % Correct
Place to bake a cakeOVEN
96.6%
'Since U ___ Gone'BEEN
95.3%
Reindeer in 'Frozen'SVEN
91.2%
Home to LimaPERU
90.6%
Swiss capitalBERN
90.2%
Morse, e.g.CODE
90.1%
Soda brandCOKE
89.9%
Opposite of lessMORE
89.6%
DiscoveredSEEN
89.6%
⭒ Skywalker grandson of [33] ⭒⭒LUKE⭒
89.5%
Green city areaPARK
88.7%
Benefit of a jobPERK
88.5%
Start o' the dayMORN
87.3%
AchySORE
86.2%
⭒ [14]'s adopted aunt Lars ⭒⭒BERU⭒
86.2%
CruelMEAN
86%
CertainSURE
85.6%
Clue 4-Letter Word % Correct
Painful cryMOAN
84.7%
SkinnyLEAN
84.5%
A bit of foliageLEAF
82.7%
Salad veggieCUKE
80.8%
⭒ Organa sister of [14] ⭒⭒LEIA⭒
80.2%
Erikson the explorerLEIF
79.1%
Trim fruitPARE
79%
UnadulteratedPURE
75.4%
An object that attractsLURE
72.3%
⭒ [14]'s adopted uncle Lars ⭒⭒OWEN⭒
71.7%
Tom and Katie's babySURI
71.6%
Give up land by treatyCEDE
70%
The hook of a news storyLEDE
55.2%
Lover of Zeus (as a swan)LEDA
54.4%
⭒ Grandmother of [14] and [21] ⭒⭒SHMI⭒
31.6%
Japanese ink-wash paintingSUMI
30.8%

Today's Daily Dose

Come Together.
Have Fun.
All Virtual.
We all need to come together. Play Sporcle's virtual live trivia to have fun, connect with people, and get your trivia on. Join a live hosted trivia game for your favorite pub trivia experience done virtually. If a virtual private party is more your thing, go here for details.

You're not logged in!

Compare scores with friends on all Sporcle quizzes.
OR
Log In

Sporcle TV

Today on Sporcle TV


Watch our educational content, quiz creation guides, and fun videos on Sporcle TV.

Show Comments

Extras

Top Quizzes Today


Score Distribution

Paid Content

Your Account Isn't Verified!

In order to create a playlist on Sporcle, you need to verify the email address you used during registration. Go to your Sporcle Settings to finish the process.

Report this User

Report this user for behavior that violates our Community Guidelines.

Details: